000 00399nam a2200169Ia 4500
008 210210b1932 xxu||||| |||| 00| 0 eng d
041 _aeng
082 _a536/26
100 _aDEBYE(P) Ed
245 _aStructure of molecules
260 _aLondon
_bBlackie and Son Limited
_c1932
300 _a190
650 _aStructure
650 _amolecules
690 _aModern Physics
906 _a008824
999 _c126701
_d126701